00677nam a2200169 a 450000100100000000500170001000800410002704000250006808200140009324500880010726000400019530000210023570000520025604900090030895201730031799900170049000003285920250307073710.0110801s1929 ag 000 0 spa d aDO-SdBNPbspacBNPHU axxxbC56900aCien de las mejores poesías castellanas /cselección Pedro Henríquez Ureña. aBuenos Aires :bA. Kapelusz,c1929. a289 p. ;c20 cm.1 aHenríquez Ureña, Pedro,d1884-1946 91718 aBNPD 001050718RVaPDbPDcCTd2011-08-01iLF1l0oxxx C569p32859-10r2020-06-25w2020-06-25y1zPerteneció a la biblioteca personal de Julio Ortega FrierZNo se presta c32350d32350